000 01454cam a22003251i 4500
003 SA-RiAUC
005 20241225133503.0
008 241123s1977 ua g f00100 ara c
040 _aSA-RiAUC
_bara
_cSA-RiAUC
_erda
050 4 _b.M84 1977
082 0 4 _a250
_qSA-RiAUC
090 _a250
_b م ح م
100 1 _aمحمد، محمد عبد الجواد
_eمؤلف.
245 1 0 _aبحوث في الشريعة الإسلامية والقانون.
_nالمجموعة الثانية /
_cمحمد عبد الجواد محمد.
264 1 _aالقاهرة :
_bمطبعة جامعة القاهرة والكتاب الجامعي،
_c1977
300 _a220 صفحة ؛
_c24 سم.
336 _aنص
_btxt
_2rdacontent
_3كتاب
337 _aبدون وسيط
_bn
_2rdamedia
338 _aمجلد
_bnc
_2rdacarrier
490 0 _aالكتب القانونية
500 _aكشافات : صفحة 159-167.
500 _aملاحظات من الشيخ الدكتور عبدالوهاب سليمان رحمه الله بداخل الكتاب
500 _aاهداء من المؤلف محمد عبدالجواد محمد بتاريخ 13/ 3/ 1402 هـ
504 _aيشتمل على ببليوجرافيات.
650 7 _aالشريعة الإسلامية
_xبحوث
_2aucsh
650 7 _aالإسلام والقانون
_2aucsh
650 7 _aالقانون
_2aucsh
942 _2ddc
_cBOOK
_n0
949 _aSA-JeALM
_d241123
_umohamedma123
_n1
999 _c3950
_d3950